Crónica de la Codificación Española. 1 Organización judicial.
محفوظ في:
| التنسيق: | كتاب |
|---|---|
| منشور في: |
Madrid, España:
Ministerio de Justicia, Comisión General de Codificación,
1970.
|
| الموضوعات: | |
| الوسوم: |
إضافة وسم
لا توجد وسوم, كن أول من يضع وسما على هذه التسجيلة!
|
MARC
| LEADER | 00000nam a22000007a 4500 | ||
|---|---|---|---|
| 003 | CL-VaPUC | ||
| 005 | 20220822114706.0 | ||
| 008 | 220721t1970 ||||| |||| 00| 0 eng d | ||
| 999 | |c 437410 |d 437408 | ||
| 040 | |c Pontificia Universidad Católica de Valparaíso | ||
| 082 | |a 347.46 CRO 1970 | ||
| 245 | |a Crónica de la Codificación Española. |b 1 Organización judicial. | ||
| 260 | |a Madrid, España: |b Ministerio de Justicia, Comisión General de Codificación, |c 1970. | ||
| 300 | |a 377 páginas. | ||
| 500 | |a c.1 Donación Familia Prof. Alejandro Guzmán Brito. | ||
| 583 | |c 20220721 |k Cristina María Rojas Aguilar | ||
| 650 | |a Organización judicial |x Codificación |x Historia |z España |9 873679 | ||
| 942 | |2 ddc |c BK |n 0 | ||
| 952 | |0 0 |1 0 |2 ddc |4 0 |6 347_460000000000000_CRO_1970 |7 0 |8 C_AGB |9 585175 |a BIBDER |b BIBDER |d 2022-07-21 |e Donación |i 5653190 |o 347.46 CRO 1970 |p 5653190 |r 2023-01-25 |t 1 |w 2022-07-21 |y BK_US |k AGB | ||